[Event "SVK-ch U10"]
[Site "Liptovsky Mikulas"]
[Date "2017.04.27"]
[Round "8"]
[White "Basar, Martin"]
[Black "Bulej, Matej"]
[Result "1/2-1/2"]
[WhiteElo "1000"]
[BlackElo "1000"]
[PlyCount "102"]
[EventDate "2017.04.22"]
[EventType "swiss"]
[EventRounds "9"]
[EventCountry "SVK"]
[SourceTitle "CBM 178 Extra"]
[Source "ChessBase"]
[SourceDate "2017.06.22"]
[SourceVersion "1"]
[SourceVersionDate "2017.06.22"]
[SourceQuality "1"]

1. e4 e5 2. Nf3 Nc6 3. Bc4 Bc5 4. c3 Nf6 5. d4 exd4 6. cxd4 Bb4+ 7. Bd2 Nxe4 8. Qe2 Qe7 9. d5 Bxd2+ 10. Nbxd2 Nxd2 11. Qxe7+ Nxe7 12. Nxd2 d6 13. 0-0 0-0 14. Rfe1 Ng6 15. Bd3 Ne5 16. Bc4 b6 17. Bb3 Ba6 18. Rec1 Rfc8 19. Rab1 Bd3 20. Bc2 Bxc2 21. Rxc2 Nd7 22. Nf1 a5 23. Rbc1 Nc5 24. a3 Ra7 25. Ne3 Nd3 26. Rd1 Nc5 27. Nf5 Re8 28. Ne3 h6 29. h3 Re5 30. Ng4 Re7 31. Ne3 Nd7 32. Rdc1 Nf6 33. Rd1 g6 34. Kh2 h5 35. h4 Kg7 36. g3 Kh6 37. Kh3 Kh7 38. g4 hxg4+ 39. Nxg4 Nxg4 40. Kxg4 f5+ 41. Kg3 Kh6 42. Kh3 Kh5 43. Rg1 Re4 44. Rg5+ Kh6 45. Rc3 Re7 46. Rcg3 Re1 47. Rxg6+ Kh7 48. Rg7+ Kh8 49. Kh2 Re4 50. Rg8+ Kh7 51. R3g7+ Kh6 1/2-1/2